|
|
|
|
| LEADER |
00603cam a2200205ua 4500 |
| 020 |
|
|
|a 3-540-66576-5
|
| 082 |
|
|
|a 336.3
|b FRA/H
|
| 100 |
|
|
|a Francke,Hans-Hermann
|
| 245 |
1 |
0 |
|a Handbook of public credit in Europe
|
| 260 |
|
|
|a Berlin
|b Springer
|c 2000
|
| 300 |
|
|
|a 490p.
|
| 500 |
|
|
|a Includes index.
|
| 650 |
|
|
|a Pubilc finance
|
| 650 |
0 |
|
|a Economics
|
| 650 |
0 |
|
|a Public finance- Europe
|
| 700 |
|
|
|a Ketzel, Eberhart
|
| 700 |
0 |
2 |
|a Kotz,Hans- Helmut
|
| 942 |
|
|
|c BK
|
| 999 |
|
|
|c 16927
|d 16927
|
| 952 |
|
|
|0 0
|1 0
|4 0
|6 336_300000000000000_FRAH
|7 0
|9 17658
|a KUCL
|b KUCL
|d 2014-05-23
|l 0
|o 336.3 FRA/H
|p 18347
|r 2014-05-23
|y BK
|